Στρατηγική και τεχνική της διαφήμισης : από τη σκοπιά των επιστημών της συμπεριφοράς
Αποθηκεύτηκε σε:
| Κύριος συγγραφέας: | |
|---|---|
| Άλλοι συγγραφείς: | |
| Μορφή: | Βιβλίο |
| Γλώσσα: | Greek German |
| Δημοσίευση: |
Αθήνα :
Ελληνικά Γράμματα,
1998.
|
| Θέματα: | |
| Ετικέτες: |
Προσθήκη ετικέτας
Δεν υπάρχουν, Καταχωρήστε ετικέτα πρώτοι!
|
MARC
| LEADER | 00000cam a2200000 i 4500 | ||
|---|---|---|---|
| 001 | 1/86626 | ||
| 008 | 080527s1998 gr | ||| |||| ||gre|| | ||
| 020 | |a 9603445983 | ||
| 035 | |l 10097694 | ||
| 040 | |a GR-MyUA |b gre |e AACR2 | ||
| 041 | 1 | |a gre |h ger | |
| 082 | 0 | |a 659.1 |2 (22) | |
| 100 | 1 | |a Kroeber-Riel, Werner. | |
| 245 | 1 | 0 | |a Στρατηγική και τεχνική της διαφήμισης : |b από τη σκοπιά των επιστημών της συμπεριφοράς / |c Werner Kroeber-Riel ; μετάφραση Κώστας Ζέρβας. |
| 260 | |a Αθήνα : |b Ελληνικά Γράμματα, |c 1998. | ||
| 300 | |a 378 σ. : |b εικ. ; |c 22 εκ. | ||
| 500 | |a Τίτλος πρωτοτύπου: Strategie und Technik der Werbung. | ||
| 504 | |a Περιέχει βιβλιογραφία. | ||
| 650 | 0 | 0 | |a Advertising. |
| 700 | 1 | |a Ζέρβας, Κώστας, |e trl | |
| 852 | |a INST |b SAMOS |e 20080527 |h 659.1 KRO |p 005300030320 |q 005300030320 |t BK |y 0 | ||
| 901 | |a BIBL3-2008-2 | ||
| 909 | |a Σ |b 141884 | ||
| 922 | |a 3ΕΛΗ |b 200711 |c ΕΠΕΑΕΚ2/ΤΜΗΜΑ ΜΑΘΗΜΑΤΙΚΩΝ |d ΠΑΤΑΚΗΣ | ||
| 970 | |a ΡΟΥΣΣΟΥ |b ΚΩΝΣΤΑΝΤΙΝΑ |z 2008/05/27 | ||